Kavyalankara (Record no. 22452)

MARC details
000 -LEADER
fixed length control field 00429nam a2200169Ia 4500
008 - FIXED-LENGTH DATA ELEMENTS--GENERAL INFORMATION
fixed length control field 230917s9999||||xx |||||||||||||| ||und||
020 ## - ISBN
Price RS400
040 ## - CATALOGING SOURCE
-- 239807
Original cataloging agency VIVEKANANDA LIBRARY
041 ## - Language
-- English
082 ## - DDC NUMBER
Classification number 891.2109 R835K
100 ## - MAIN ENTRY--PERSONAL NAME
Personal name Rudrata
245 #0 - TITLE STATEMENT
Title Kavyalankara
260 ## - PUBLICATION, DISTRIBUTION, ETC. (IMPRINT)
Place of publication, distribution, etc New Delhi
Name of publisher, distributor, etc Primal Publications
Date of publication, distribution, etc 2016
300 ## - PHYSICAL DESCRIPTION
Pages 456 p.
500 ## - GENERAL NOTE
General note 2699 27/03/2017 HBD17/2551 27/03/2017 Sanskrit SAP
942 ## - ADDED ENTRY ELEMENTS (KOHA)
Koha item type Books
Holdings
Withdrawn status Lost status Damaged status Not for loan Location (home branch) Sublocation or collection (holding branch) Date acquired Koha issues (times borrowed) Koha full call number Accession No. Koha date last seen Koha item type
        VIVEKANANDA LIBRARY VIVEKANANDA LIBRARY 01/06/2017   891.2109 R835K 370587 17/09/2023 Books
© Designed and Maintained by Vivekananda Library, MDU Rohtak